[Event "XV Weekend B"]
[Site "Porto Sant'Elpidio ITA"]
[Date "2012.11.17"]
[Round "1"]
[White "Agostinelli, Matteo"]
[Black "Marvulli, Michele"]
[WhiteElo "1703"]
[BlackElo "1443"]
[Result "1-0"]
[PlyCount "79"]
[EventDate "2012.11.17"]

1. d4 c5 2. d5 e5 3. e4 d6 4. Nc3 Be7 5. Be3 Bg5 6. Bxg5 Qxg5 7. Nf3 Qd8 8. Be2
Nf6 9. Qd2 O-O 10. h3 Ne8 11. g4 g6 12. Rg1 Qf6 13. h4 Qf4 14. O-O-O Qxd2+ 15.
Nxd2 Kh8 16. Rdf1 f5 17. g5 Ng7 18. Nb5 Na6 19. Nxd6 Rb8 20. N2c4 b5 21. Nxe5
fxe4 22. Nef7+ Kg8 23. Nh6+ Kh8 24. Ndf7+ Rxf7 25. Nxf7+ Kg8 26. Nd6 Bh3 27.
Rd1 c4 28. Nxe4 Bf5 29. Nf6+ Kh8 30. Bg4 Nb4 31. Bxf5 Nxf5 32. a3 Na6 33. d6
Rd8 34. d7 Nc5 35. Rge1 Kg7 36. Re8 Nb7 37. Rde1 h6 38. Rxd8 Nxd8 39. Re8 Nf7
40. Rg8# 1-0

[Event "XV Weekend B"]
[Site "Porto Sant'Elpidio ITA"]
[Date "2012.11.17"]
[Round "1"]
[White "Borzi', Rosario"]
[Black "Ramini, Luigi"]
[WhiteElo "1551"]
[BlackElo "1777"]
[Result "1-0"]
[PlyCount "53"]
[EventDate "2012.11.17"]

1. d4 d5 2. Nf3 Nf6 3. e3 Bf5 4. Bd3 Bxd3 5. Qxd3 e6 6. Nbd2 c6 7. O-O Bd6 8.
b3 Na6 9. a3 O-O 10. Bb2 Re8 11. Rac1 Qe7 12. b4 Rad8 13. Rfe1 Nc7 14. c4 Qd7
15. e4 dxe4 16. Nxe4 Nxe4 17. Rxe4 f5 18. Rh4 Be7 19. Rh3 Bf6 20. Rd1 e5 21.
Nxe5 Bxe5 22. dxe5 Qe6 23. Qe2 Qxc4 24. Qxc4+ Kh8 25. Rxd8 Rxd8 26. g3 Nd5 27.
Qh4 1-0

[Event "XV Weekend B"]
[Site "Porto Sant'Elpidio ITA"]
[Date "2012.11.17"]
[Round "1"]
[White "Lazzaro, Elisa"]
[Black "Silvestri, Giorgio"]
[WhiteElo "1533"]
[BlackElo "1761"]
[Result "0-1"]
[PlyCount "134"]
[EventDate "2012.11.17"]

1. e4 e6 2. d4 d5 3. e5 c5 4. c3 Nc6 5. Nf3 Qb6 6. Bd3 Bd7 7. Bc2 O-O-O 8. O-O
Kb8 9. Nbd2 cxd4 10. Nb3 f6 11. exf6 gxf6 12. Nfxd4 e5 13. Nxc6+ bxc6 14. Be3
Qc7 15. Nc5 Bxc5 16. Bxc5 Be6 17. Rb1 h5 18. b4 Nh6 19. Qe2 Ka8 20. b5 cxb5 21.
Qxb5 Bc8 22. Rb3 Bd7 23. Qb4 Rb8 24. Qa3 Rxb3 25. Bxb3 Bc6 26. c4 d4 27. Bc2
Rg8 28. Bd6 Rxg2+ 29. Kh1 Rg3+ 30. f3 Rxf3 31. Rxf3 Qb7 32. Kg2 Qg7+ 33. Kf2
Ng4+ 34. Ke2 e4 35. Bxe4 Bxe4 36. Rg3 Qh7 37. Qa6 d3+ 38. Kd1 Qf5 39. Rg1 Qf3+
40. Kc1 Qe3+ 41. Kb2 Qd2+ 42. Ka3 Qc3+ 43. Ka4 Bb7 44. Qa5 Qxc4+ 45. Bb4 Qxa2+
46. Kb5 Qd5+ 47. Ka4 Bc6+ 48. Ka3 Qxa5+ 49. Bxa5 Nxh2 50. Rg8+ Kb7 51. Rg7+ Ka6
52. Rc7 Kxa5 53. Rxc6 Kb5 54. Rc1 d2 55. Rd1 Nf3 56. Kb3 h4 57. Kc2 h3 58. Rf1
h2 59. Rxf3 h1=Q 60. Rf5+ Kc4 61. Rf4+ Kd5 62. Kxd2 Qh2+ 63. Ke3 Qxf4+ 64. Kxf4
a5 65. Kf5 a4 66. Kxf6 a3 67. Kf5 a2 0-1

[Event "XV Weekend B"]
[Site "Porto Sant'Elpidio ITA"]
[Date "2012.11.17"]
[Round "1"]
[White "Marinucci, Johnny"]
[Black "Vannicola, Roberto"]
[WhiteElo "1754"]
[BlackElo "1496"]
[Result "1-0"]
[PlyCount "75"]
[EventDate "2012.11.17"]

1. d4 Nf6 2. Bf4 e6 3. e3 b6 4. Nf3 Bb7 5. Nbd2 Be7 6. h3 O-O 7. Bd3 d5 8. O-O
Bd6 9. Ne5 Bxe5 10. Bxe5 Nbd7 11. Bg3 c5 12. c3 a5 13. Re1 Ba6 14. Bc2 b5 15.
Bd6 Re8 16. dxc5 Rc8 17. b4 axb4 18. cxb4 Nb6 19. Nf3 Nc4 20. Bh2 Nd7 21. e4
Bb7 22. e5 Ra8 23. Nd4 Nb8 24. Nxb5 Bc6 25. Nd6 Nxd6 26. exd6 Qd7 27. a4 Qa7
28. b5 Qxc5 29. bxc6 Qxc6 30. Qd3 g6 31. Be5 Nd7 32. Bg3 e5 33. Bb3 d4 34. Qc4
Qxc4 35. Bxc4 Kg7 36. Bb5 Red8 37. Rac1 f6 38. Rc7 1-0

[Event "XV Weekend B"]
[Site "Porto Sant'Elpidio ITA"]
[Date "2012.11.17"]
[Round "1"]
[White "Marvulli, Dario"]
[Black "Cocciaretto, Luca"]
[WhiteElo "1771"]
[BlackElo "1541"]
[Result "1-0"]
[PlyCount "71"]
[EventDate "2012.11.17"]

1. e4 c5 2. Nc3 d6 3. f4 a6 4. d3 Nd7 5. Nf3 e6 6. g3 b5 7. Bg2 Qc7 8. O-O Be7
9. Qe2 Ngf6 10. Bd2 Bb7 11. Rae1 O-O 12. e5 Nd5 13. exd6 Bxd6 14. Ne4 Nb4 15.
c3 Nd5 16. Nxd6 Qxd6 17. Ng5 N7f6 18. c4 b4 19. cxd5 Bxd5 20. Qe5 Rad8 21. Bxd5
Qxd5 22. Qxd5 Rxd5 23. Rf3 Rfd8 24. Ree3 Ng4 25. Re2 c4 26. Bxb4 Rxd3 27. Rxd3
cxd3 28. Rd2 Ne3 29. b3 Nf5 30. Nf3 g5 31. fxg5 e5 32. Nxe5 Rd5 33. Rxd3 Rxd3
34. Nxd3 Kg7 35. Nf4 Nd4 36. Bc3 1-0

[Event "XV Weekend B"]
[Site "Porto Sant'Elpidio ITA"]
[Date "2012.11.17"]
[Round "1"]
[White "Santinelli, Michele"]
[Black "Fornelli, Marco"]
[WhiteElo "1802"]
[BlackElo "1618"]
[Result "1-0"]
[PlyCount "95"]
[EventDate "2012.11.17"]

1. d4 b6 2. e4 Bb7 3. Nd2 e6 4. Ngf3 c5 5. dxc5 Bxc5 6. Bd3 d5 7. O-O Ne7 8.
Qe2 O-O 9. exd5 Nxd5 10. Qe4 Re8 11. Qxh7+ Kf8 12. Ne4 Nf6 13. Qh8+ Ke7 14.
Qxg7 Bxe4 15. Bg5 Nbd7 16. Bxe4 Rg8 17. Qh6 Rh8 18. Bxf6+ Nxf6 19. Qf4 Bd6 20.
Qe3 Qc7 21. g3 Nxe4 22. Qxe4 Rag8 23. Kg2 f5 24. Qd3 f4 25. Qc3 Qb8 26. Nd4
Qb7+ 27. Qc6 Qb8 28. Rfe1 e5 29. Nf5+ Ke6 30. Qxd6+ Qxd6 31. Nxd6 Kxd6 32.
Rad1+ Ke6 33. Rd3 Rh7 34. h3 Rc7 35. c3 fxg3 36. fxg3 Rf7 37. Red1 Rgf8 38.
Rd6+ Kf5 39. Rf1+ Ke4 40. Re1+ Kf5 41. Re2 Rf6 42. Rf2+ Kg6 43. Rfxf6+ Rxf6 44.
Rxf6+ Kxf6 45. Kf3 Kf5 46. Ke3 b5 47. b3 a6 48. c4 1-0

[Event "XV Weekend B"]
[Site "Porto Sant'Elpidio ITA"]
[Date "2012.11.17"]
[Round "1"]
[White "Splendiani, Sandro"]
[Black "Skrijely, Edin"]
[WhiteElo "1467"]
[BlackElo "1751"]
[Result "1-0"]
[PlyCount "119"]
[EventDate "2012.11.17"]

1. d4 g6 2. c4 Bg7 3. Nf3 d6 4. Nc3 Nd7 5. e4 e6 6. Be3 h6 7. Be2 b6 8. O-O Bb7
9. Qd2 Ne7 10. Rac1 a6 11. d5 e5 12. b4 f5 13. exf5 Nxf5 14. Ne4 Nxe3 15. fxe3
Nf6 16. Qd3 O-O 17. Nh4 Nxd5 18. Rxf8+ Bxf8 19. Nxg6 Nxb4 20. Qb3 c5 21. Nxf8
Bxe4 22. Ne6 Qf6 23. Bg4 Bf5 24. Rf1 Qxe6 25. Rxf5 Qe7 26. e4 Qh4 27. Bh3 Qe1+
28. Rf1 Qxe4 29. Qg3+ Kh8 30. Bf5 Qd4+ 31. Kh1 Qxc4 32. Kg1 Rg8 33. Qh3 Qd4+
34. Kh1 Qd2 35. Be6 Nd3 36. Qf3 Nf4 37. Bxg8 Kxg8 38. g3 Kf7 39. gxf4 exf4 40.
Qe4 Qxa2 41. Rxf4+ Kg7 42. Qe7+ Kg6 43. Qxd6+ Kg7 44. Qf6+ Kh7 45. Qf7+ Qxf7
46. Rxf7+ Kg6 47. Ra7 Kf5 48. Rxa6 Ke5 49. Rxb6 h5 50. Rc6 Kd4 51. Kg2 c4 52.
Kf3 Kd3 53. Rd6+ Kc2 54. Kf4 c3 55. Kg5 Kb1 56. Kxh5 c2 57. Rc6 c1=Q 58. Rxc1+
Kxc1 59. Kg6 Kd2 60. h4 1-0

[Event "XV Weekend B"]
[Site "Porto Sant'Elpidio ITA"]
[Date "2012.11.18"]
[Round "2"]
[White "Agostinelli, Matteo"]
[Black "Marvulli, Dario"]
[WhiteElo "1703"]
[BlackElo "1771"]
[Result "1/2-1/2"]
[PlyCount "136"]
[EventDate "2012.11.17"]

1. d4 c5 2. d5 e5 3. e4 d6 4. Nc3 Nf6 5. Bg5 Nbd7 6. Be2 Be7 7. Nf3 O-O 8. Qd2
a6 9. a4 h6 10. Be3 Qb6 11. O-O Ne8 12. Rfb1 Qd8 13. Bd3 Ndf6 14. b4 cxb4 15.
Rxb4 Bg4 16. Nh4 Nxe4 17. Rxe4 f5 18. Nxf5 Bxf5 19. Rb4 Qc8 20. Rab1 Rb8 21.
Bxa6 Bh7 22. Rxb7 Rxb7 23. Rxb7 Nc7 24. Ra7 Nxa6 25. Rxe7 Qf5 26. Nb5 Qxc2 27.
Qxc2 Bxc2 28. Nxd6 Bxa4 29. Rxe5 Nc7 30. Ne4 Re8 31. Rxe8+ Nxe8 32. d6 Bc6 33.
Bf4 Kf7 34. Nc5 Nf6 35. Be5 Nd7 36. Nxd7 Bxd7 37. f4 g6 38. g3 Ke6 39. Kf2 Kd5
40. Bg7 Kxd6 41. Bxh6 Bg4 42. Kg2 Ke6 43. h3 Bd1 44. g4 Ba4 45. Kg3 Be8 46. Kh4
Kf6 47. Bg5+ Ke6 48. Bd8 Kf7 49. Kg5 Bd7 50. h4 Kg7 51. f5 gxf5 52. gxf5 Be8
53. h5 Kh7 54. h6 Bd7 55. f6 Be6 56. Ba5 Bf7 57. Bd2 Bg6 58. Be3 Be8 59. Kf5
Kg8 60. Ke6 Bg6 61. Ke7 Bh5 62. Bf4 Bg6 63. Ke6 Bh5 64. Bd6 Bg6 65. Be7 Bh5 66.
Kf5 Bf7 67. Kg5 Be6 68. Bf8 Bf7 1/2-1/2

[Event "XV Weekend B"]
[Site "Porto Sant'Elpidio ITA"]
[Date "2012.11.18"]
[Round "2"]
[White "Borzi', Rosario"]
[Black "Marinucci, Johnny"]
[WhiteElo "1551"]
[BlackElo "1754"]
[Result "1/2-1/2"]
[PlyCount "88"]
[EventDate "2012.11.17"]

1. d4 Nf6 2. Nf3 d5 3. e3 Bf5 4. Bd3 Bxd3 5. Qxd3 Nbd7 6. Nbd2 g6 7. c4 c6 8.
b3 Bg7 9. Bb2 O-O 10. O-O e6 11. Rfe1 Re8 12. e4 dxe4 13. Nxe4 Nxe4 14. Qxe4
Qc7 15. Rad1 a5 16. Bc1 a4 17. b4 Qb6 18. a3 Qa6 19. Qc2 Nb6 20. c5 Nd5 21. Rd3
Rad8 22. Bb2 Qa8 23. g3 Nc7 24. Red1 Rd5 25. Nd2 Rd7 26. Nf1 Red8 27. Ne3 Nd5
28. Nc4 Qa6 29. Nd6 b5 30. Qe2 Bf8 31. Ne4 Qc8 32. h4 Qc7 33. Bc1 Bg7 34. h5 e5
35. h6 Bh8 36. Nd6 exd4 37. Bb2 Re7 38. Qg4 f5 39. Nxf5 Rf7 40. Nd6 Re7 41.
Bxd4 Bxd4 42. Qxd4 Rf8 43. Qg4 Nf6 44. Qg5 Nd5 1/2-1/2

[Event "XV Weekend B"]
[Site "Porto Sant'Elpidio ITA"]
[Date "2012.11.18"]
[Round "2"]
[White "Cocciaretto, Luca"]
[Black "Skrijely, Edin"]
[WhiteElo "1541"]
[BlackElo "1751"]
[Result "0-1"]
[PlyCount "82"]
[EventDate "2012.11.17"]

1. e4 g6 2. d4 Bg7 3. Nf3 d6 4. Be3 h6 5. Bc4 a6 6. Bb3 Nd7 7. Nbd2 b6 8. c3
Bb7 9. O-O e6 10. Re1 Ne7 11. d5 e5 12. Nc4 Nf6 13. Qc2 O-O 14. Rad1 Ng4 15.
Qd2 a5 16. a4 Kh7 17. Na3 f5 18. Qd3 Nxe3 19. Qxe3 fxe4 20. Qxe4 Rf4 21. Qc2
Bc8 22. Bc4 Bg4 23. Be2 Qf8 24. Nb5 Bf5 25. Bd3 Qd8 26. Re3 Qd7 27. Rde1 Nxd5
28. R3e2 Rxf3 29. gxf3 Bxd3 30. Qxd3 Nf4 31. Qc4 Qh3 32. Qxf4 exf4 33. Re7 Qxf3
34. Nxc7 Qg4+ 35. Kh1 f3 36. Rg1 Qh4 37. Rxg7+ Kxg7 38. Nxa8 Qxf2 39. Nc7 Qe2
40. Nd5 Qe4 41. Nf4 Qxf4 0-1

[Event "XV Weekend B"]
[Site "Porto Sant'Elpidio ITA"]
[Date "2012.11.18"]
[Round "2"]
[White "Ramini, Luigi"]
[Black "Splendiani, Sandro"]
[WhiteElo "1777"]
[BlackElo "1467"]
[Result "0-1"]
[PlyCount "52"]
[EventDate "2012.11.17"]

1. d4 d5 2. c4 e6 3. Nc3 Nf6 4. Nf3 c6 5. e3 Bd6 6. Bd3 Nbd7 7. Qc2 O-O 8. O-O
dxc4 9. Bxc4 e5 10. dxe5 Nxe5 11. Nxe5 Bxe5 12. f4 Bc7 13. Rd1 Qe7 14. Bd3 Bg4
15. Re1 Bxf4 16. Ne4 Bxh2+ 17. Kxh2 Nxe4 18. g3 Ng5 19. Rf1 Nf3+ 20. Kg2 Ng5
21. Rf4 Qd7 22. Bd2 Rad8 23. Rd4 Bf3+ 24. Kf2 Qh3 25. Rg1 Qh2+ 26. Kf1 Nh3 0-1

[Event "XV Weekend B"]
[Site "Porto Sant'Elpidio ITA"]
[Date "2012.11.18"]
[Round "2"]
[White "Silvestri, Giorgio"]
[Black "Santinelli, Michele"]
[WhiteElo "1761"]
[BlackElo "1802"]
[Result "0-1"]
[PlyCount "110"]
[EventDate "2012.11.17"]

1. d4 d5 2. c4 Nc6 3. e3 Nf6 4. cxd5 Qxd5 5. Nc3 Qd8 6. Nf3 Bg4 7. Be2 e6 8.
O-O Be7 9. a3 h6 10. b4 a6 11. Bb2 O-O 12. Rc1 Rc8 13. Na4 Nd7 14. Qc2 Re8 15.
Rfd1 Bf6 16. e4 Qe7 17. Qb3 Bg5 18. Rc2 Na7 19. Nc5 Nxc5 20. bxc5 Rb8 21. Nxg5
Bxe2 22. Rxe2 Qxg5 23. Rd3 Qe7 24. Qc2 c6 25. Rg3 f6 26. Bc1 Kf7 27. Ree3 Nb5
28. d5 cxd5 29. exd5 e5 30. Qg6+ Kf8 31. Qh7 Qf7 32. a4 Nd4 33. c6 bxc6 34.
Ba3+ Re7 35. Qh8+ Qg8 36. Bxe7+ Kxe7 37. Qxg7+ Qxg7 38. Rxg7+ Kf8 39. g3 Kxg7
40. dxc6 Nxc6 41. Rc3 Rb6 42. Kg2 Kg6 43. Rc5 Nd4 44. h4 Rc6 45. Rd5 Rc4 46.
Ra5 Rc6 47. g4 Nb3 48. Rd5 Rc4 49. a5 Rxg4+ 50. Kh3 Ra4 51. Rd6 Rxa5 52. h5+
Kg5 53. Rd8 Ra4 54. Rg8+ Kxh5 55. Rf8 Rf4 0-1

[Event "XV Weekend B"]
[Site "Porto Sant'Elpidio ITA"]
[Date "2012.11.18"]
[Round "2"]
[White "Vannicola, Roberto"]
[Black "Fornelli, Marco"]
[WhiteElo "1496"]
[BlackElo "1618"]
[Result "1-0"]
[PlyCount "117"]
[EventDate "2012.11.17"]

1. c4 b6 2. Nc3 Bb7 3. e4 c5 4. g3 Nc6 5. Nf3 g6 6. Bg2 Bg7 7. d3 e6 8. O-O a6
9. a3 Nge7 10. Rb1 O-O 11. Na2 d5 12. Qe2 d4 13. Bd2 e5 14. b4 Qc7 15. bxc5
bxc5 16. Rb3 Rab8 17. Rfb1 Ba8 18. Be1 Rxb3 19. Rxb3 Rb8 20. Qb2 Rxb3 21. Qxb3
Qb7 22. Qxb7 Bxb7 23. Nc1 Nc8 24. Nb3 Bf8 25. Na5 Nxa5 26. Bxa5 f6 27. Ne1 Bc6
28. Bh3 Nd6 29. Bc7 Kf7 30. Bg2 f5 31. exf5 Bxg2 32. fxg6+ hxg6 33. Kxg2 Ke6
34. Bxd6 Bxd6 35. Kf3 g5 36. g4 Be7 37. Ke4 Bd8 38. Nf3 Bf6 39. Nd2 Bd8 40. Nb3
Bb6 41. Kf3 Kd6 42. Kg3 Bd8 43. Nd2 Be7 44. Nf3 Ke6 45. Nd2 Kd6 46. Kf3 Kd7 47.
Ke4 Ke6 48. Nf3 Bf6 49. h3 Bd8 50. Nxe5 Bc7 51. Nf3 Bd8 52. Ng1 Bc7 53. Ne2 Bh2
54. f4 gxf4 55. Nxf4+ Kf6 56. h4 Bg3 57. g5+ Ke7 58. Kf5 Kf7 59. g6+ 1-0

[Event "XV Weekend B"]
[Site "Porto Sant'Elpidio ITA"]
[Date "2012.11.18"]
[Round "3"]
[White "Fornelli, Marco"]
[Black "Ramini, Luigi"]
[WhiteElo "1618"]
[BlackElo "1777"]
[Result "1-0"]
[PlyCount "58"]
[EventDate "2012.11.17"]

1. d4 d5 2. Nf3 e6 3. e3 Nf6 4. Bd3 c5 5. c3 Nc6 6. Nbd2 Bd6 7. Qe2 e5 8. dxe5
Nxe5 9. Nxe5 Bxe5 10. e4 O-O 11. O-O Re8 12. f4 Bc7 13. e5 c4 14. Bc2 Bb6+ 15.
Kh1 Ng4 16. Nf3 Bc5 17. h3 Nh6 18. Nd4 f6 19. Qh5 Bxd4 20. cxd4 f5 21. Bd2 Be6
22. Rae1 Nf7 23. Bxf5 g6 24. Bxg6 hxg6 25. Qxg6+ Kh8 26. f5 Rg8 27. Qh5+ Kg7
28. fxe6 Nh8 29. Bh6+ Kh7 1-0

[Event "XV Weekend B"]
[Site "Porto Sant'Elpidio ITA"]
[Date "2012.11.18"]
[Round "3"]
[White "Lazzaro, Elisa"]
[Black "Cocciaretto, Luca"]
[WhiteElo "1533"]
[BlackElo "1541"]
[Result "1-0"]
[PlyCount "89"]
[EventDate "2012.11.17"]

1. e4 c5 2. c3 d6 3. d4 cxd4 4. cxd4 Nd7 5. Nf3 a6 6. Nc3 e6 7. Bc4 Be7 8. O-O
e5 9. d5 b5 10. Bb3 Ngf6 11. Be3 O-O 12. h3 Nc5 13. Bxc5 dxc5 14. Nxe5 Re8 15.
Nc6 Qc7 16. Nxe7+ Rxe7 17. d6 Qd7 18. dxe7 Qxe7 19. Re1 Bb7 20. Nd5 Nxd5 21.
Bxd5 Bxd5 22. exd5 Qd6 23. Qe2 Kf8 24. Qe5 Qd7 25. d6 Qc8 26. Rad1 Qd7 27. Qe7+
Qxe7 28. dxe7+ Ke8 29. Rd8+ Rxd8 30. exd8=Q+ Kxd8 31. Rc1 c4 32. b3 cxb3 33.
axb3 Kd7 34. Ra1 g6 35. Rxa6 h6 36. Rb6 Kc7 37. Rxb5 Kd6 38. Ra5 Ke6 39. b4 Kd6
40. Ra7 f6 41. Ra6+ Ke7 42. b5 g5 43. Ra7+ Kd6 44. b6 Kc6 45. Rf7 1-0

[Event "XV Weekend B"]
[Site "Porto Sant'Elpidio ITA"]
[Date "2012.11.18"]
[Round "3"]
[White "Marvulli, Dario"]
[Black "Borzi', Rosario"]
[WhiteElo "1771"]
[BlackElo "1551"]
[Result "1-0"]
[PlyCount "103"]
[EventDate "2012.11.17"]

1. e4 e5 2. Nf3 d6 3. d4 exd4 4. Nxd4 Nf6 5. Nc3 Be7 6. Be2 Nc6 7. Nxc6 bxc6 8.
Be3 Bd7 9. O-O O-O 10. Qd2 Bg4 11. Bf4 Bxe2 12. Qxe2 Nd7 13. Rad1 Bf6 14. Qc4
Nc5 15. e5 Bg5 16. exd6 Bxf4 17. Qxf4 Ne6 18. dxc7 Qxc7 19. Qxc7 Nxc7 20. h3
Rad8 21. Rfe1 Nd5 22. Nxd5 Rxd5 23. Rxd5 cxd5 24. Re7 Rd8 25. Rxa7 g6 26. Kf1
d4 27. Ra3 f5 28. Rd3 Rc8 29. c3 dxc3 30. Rxc3 Rb8 31. b3 Rb7 32. a4 Kf7 33. a5
Ke6 34. a6 Ra7 35. Rc6+ Kd7 36. Rf6 Kc7 37. Rf7+ Kb6 38. Rxa7 Kxa7 39. f4 Kxa6
40. Ke2 Kb5 41. Kd3 Kc5 42. g4 h6 43. gxf5 gxf5 44. b4+ Kd5 45. b5 Kc5 46. b6
Kxb6 47. Kd4 Kc7 48. Ke5 Kd7 49. Kxf5 h5 50. Kg6 Ke7 51. f5 h4 52. Kg7 1-0

[Event "XV Weekend B"]
[Site "Porto Sant'Elpidio ITA"]
[Date "2012.11.18"]
[Round "3"]
[White "Masera, Lorenzo"]
[Black "Vannicola, Roberto"]
[WhiteElo "1410"]
[BlackElo "1496"]
[Result "1/2-1/2"]
[PlyCount "89"]
[EventDate "2012.11.17"]

1. e4 c6 2. d4 d5 3. e5 Bf5 4. Bd3 Bxd3 5. Qxd3 e6 6. Nf3 h6 7. Qb3 Qb6 8. Qxb6
axb6 9. O-O Nd7 10. c3 b5 11. b4 Nb6 12. Nbd2 Na4 13. Nb1 Ne7 14. Re1 Nc8 15.
a3 Ncb6 16. Nfd2 Be7 17. Rf1 Nd7 18. Nf3 O-O 19. Bf4 Nb2 20. Bg3 Nb6 21. Nfd2
Ra7 22. Rc1 Rfa8 23. Rc2 N2c4 24. Nxc4 Nxc4 25. Rca2 b6 26. f4 c5 27. Be1 cxd4
28. cxd4 Rc7 29. Nd2 Rac8 30. Rc2 Ne3 31. Rxc7 Rxc7 32. Bf2 Nc4 33. Rc1 Bd8 34.
Nxc4 Rxc4 35. Rxc4 bxc4 36. Be1 b5 37. Bc3 Bb6 38. Kf2 f6 39. Ke3 Kf7 40. g3
fxe5 41. fxe5 g5 42. g4 Kg6 43. h3 h5 44. Ke2 hxg4 45. hxg4 1/2-1/2

[Event "XV Weekend B"]
[Site "Porto Sant'Elpidio ITA"]
[Date "2012.11.18"]
[Round "3"]
[White "Santinelli, Michele"]
[Black "Splendiani, Sandro"]
[WhiteElo "1802"]
[BlackElo "1467"]
[Result "1/2-1/2"]
[PlyCount "104"]
[EventDate "2012.11.17"]

1. d4 d5 2. Nf3 Nf6 3. e3 e6 4. Bd3 Bd6 5. Nbd2 c6 6. c3 Nbd7 7. e4 dxe4 8.
Nxe4 Nxe4 9. Bxe4 Nf6 10. Bd3 O-O 11. O-O Qc7 12. h3 e5 13. dxe5 Bxe5 14. Nxe5
Qxe5 15. Re1 Qc7 16. Bg5 Nd5 17. Qf3 Be6 18. Qe4 g6 19. Bh6 Rfe8 20. Qd4 f5 21.
Rad1 Qf7 22. Bc4 Nf6 23. Bxe6 Rxe6 24. Rxe6 Qxe6 25. Qd6 Re8 26. Qxe6+ Rxe6 27.
Rd8+ Kf7 28. Be3 a6 29. Bd4 Re7 30. Kf1 Rc7 31. Bxf6 Kxf6 32. Ke2 Ke7 33. Rd4
c5 34. Rd5 Ke6 35. Rd3 b5 36. Rd8 Rd7 37. Rxd7 Kxd7 38. Ke3 Ke6 39. Kf4 Kf6 40.
h4 h6 41. b3 g5+ 42. hxg5+ hxg5+ 43. Ke3 Ke5 44. a3 a5 45. g3 f4+ 46. gxf4+
gxf4+ 47. Kd3 Kd5 48. c4+ bxc4+ 49. bxc4+ Ke5 50. a4 Kf5 51. f3 Ke5 52. Kc3 Kf5
1/2-1/2

[Event "XV Weekend B"]
[Site "Porto Sant'Elpidio ITA"]
[Date "2012.11.18"]
[Round "3"]
[White "Skrijely, Edin"]
[Black "Silvestri, Giorgio"]
[WhiteElo "1751"]
[BlackElo "1761"]
[Result "0-1"]
[PlyCount "82"]
[EventDate "2012.11.17"]

1. e4 e6 2. f4 d5 3. exd5 exd5 4. d4 Nf6 5. Nf3 Bd6 6. Bb5+ c6 7. Ba4 O-O 8.
O-O Bg4 9. c3 Qc7 10. Qd3 c5 11. Ne5 c4 12. Qg3 Bf5 13. Na3 Ne4 14. Qh4 Bxa3
15. bxa3 Qa5 16. g4 Bc8 17. Rb1 Qxa4 18. Nxf7 Qe8 19. Ne5 Nc6 20. Rf3 Nxe5 21.
dxe5 Qg6 22. h3 Nd2 23. Bxd2 Qxb1+ 24. Kg2 Qg6 25. Kh2 Qe4 26. Qf2 g5 27. Be3
gxf4 28. Bxf4 Be6 29. Kg3 Qg6 30. Qe3 Rf7 31. Bg5 Rxf3+ 32. Kxf3 Rf8+ 33. Kg3
Qd3 34. Kh4 Qxe3 35. Bxe3 Rf3 36. Bd4 Rd3 37. Bxa7 Rxc3 38. Kg5 Kf7 39. h4 Rxa3
40. Bc5 Rf3 41. Kh6 Bxg4 0-1

[Event "XV Weekend B"]
[Site "Porto Sant'Elpidio ITA"]
[Date "2012.11.24"]
[Round "4"]
[White "Agostinelli, Matteo"]
[Black "Santinelli, Michele"]
[WhiteElo "1703"]
[BlackElo "1802"]
[Result "0-1"]
[PlyCount "70"]
[EventDate "2012.11.17"]

1. d4 d5 2. c4 e6 3. Nc3 Nf6 4. Nf3 c6 5. e3 Bd6 6. Bd3 Nbd7 7. e4 dxe4 8. Nxe4
Nxe4 9. Bxe4 Nf6 10. Bd3 O-O 11. O-O b6 12. Qc2 Bb7 13. Bg5 h6 14. Bh4 c5 15.
dxc5 Bxc5 16. Rad1 Qe7 17. Bh7+ Kh8 18. Ne5 g5 19. Bg3 h5 20. Bg6 h4 21. Bxf7
Be4 22. Qd2 hxg3 23. Qxg5 gxh2+ 24. Kh1 Rxf7 25. Nxf7+ Qxf7 26. Qh4+ Kg7 27. f3
Rh8 28. Qg3+ Bg6 29. Rfe1 Nh5 30. Qe5+ Qf6 31. Rd7+ Bf7 32. Qc7 Qf4 33. Qxf4
Nxf4 34. g4 Kg6 35. Rxa7 Nd3 0-1

[Event "XV Weekend B"]
[Site "Porto Sant'Elpidio ITA"]
[Date "2012.11.24"]
[Round "4"]
[White "Borzi', Rosario"]
[Black "Masera, Lorenzo"]
[WhiteElo "1551"]
[BlackElo "1410"]
[Result "1-0"]
[PlyCount "79"]
[EventDate "2012.11.17"]

1. d4 d5 2. Nf3 Bg4 3. e3 Nf6 4. Bd3 e6 5. Nbd2 Bb4 6. O-O Bxd2 7. Bxd2 O-O 8.
Be2 Nc6 9. Rc1 Bxf3 10. Bxf3 Re8 11. c4 Qd7 12. cxd5 exd5 13. Qb3 Rab8 14. Rfd1
Qe6 15. Qd3 Ne4 16. Be1 Re7 17. Rc2 Ng5 18. Be2 Qe4 19. Qxe4 Nxe4 20. a3 a6 21.
Rd3 Ra8 22. Rb3 Ra7 23. f3 Ng5 24. Bh4 h6 25. f4 Na5 26. Rbc3 Ne4 27. Bxe7 Nxc3
28. Rxc3 c6 29. b4 b5 30. Bc5 Rc7 31. bxa5 f6 32. Bb6 Rc8 33. Bg4 Re8 34. Kf2
g6 35. Bd7 Rb8 36. Bxc6 Rc8 37. Bxd5+ Kg7 38. Rxc8 f5 39. Bb7 Kf6 40. Bxa6 1-0

[Event "XV Weekend B"]
[Site "Porto Sant'Elpidio ITA"]
[Date "2012.11.24"]
[Round "4"]
[White "Fornelli, Marco"]
[Black "Skrijely, Edin"]
[WhiteElo "1618"]
[BlackElo "1751"]
[Result "1-0"]
[PlyCount "120"]
[EventDate "2012.11.17"]

1. d4 g6 2. Nf3 Bg7 3. Nbd2 d6 4. e4 a6 5. Bd3 e6 6. O-O Nd7 7. Re1 Ne7 8. Qe2
b6 9. e5 d5 10. c3 h6 11. Nf1 Bb7 12. Ng3 c5 13. Be3 Qc7 14. Rac1 c4 15. Bc2 a5
16. a4 Ba6 17. Qd2 h5 18. h4 b5 19. axb5 Bxb5 20. Ra1 Nb6 21. Reb1 a4 22. Qd1
O-O 23. Qd2 f6 24. Bh6 Nf5 25. Nxf5 exf5 26. Bxg7 Qxg7 27. exf6 Rxf6 28. Re1
Nc8 29. Ne5 Nd6 30. f3 f4 31. Bxg6 Rxg6 32. Nxg6 Qxg6 33. Qxf4 Rf8 34. Qxd6
Qxd6 35. Re5 Kh7 36. Rxh5+ Kg6 37. Rg5+ Kh6 38. Re1 Rf4 39. Ree5 Rxh4 40. Rxd5
Qe6 41. Rge5 Qg6 42. Rxb5 Qb1+ 43. Kf2 Qc2+ 44. Kg3 Rh1 45. Re6+ Qg6+ 46. Rxg6+
Kxg6 47. Rb4 Rb1 48. Rxa4 Rxb2 49. Rxc4 Rb3 50. Kg4 Rb5 51. Rc5 Rb3 52. f4 Rb2
53. g3 Rb6 54. d5 Kf7 55. Rc6 Rb8 56. f5 Rg8+ 57. Kf4 Ke7 58. g4 Kd7 59. g5 Rh8
60. f6 Rh4+ 1-0

[Event "XV Weekend B"]
[Site "Porto Sant'Elpidio ITA"]
[Date "2012.11.24"]
[Round "4"]
[White "Ramini, Luigi"]
[Black "Marvulli, Michele"]
[WhiteElo "1777"]
[BlackElo "1443"]
[Result "0-1"]
[PlyCount "71"]
[EventDate "2012.11.17"]

1. d4 c5 2. d5 e5 3. c4 d6 4. Nc3 g6 5. e4 Bg7 6. Be3 Nf6 7. Be2 Nbd7 8. Nb5
Nb6 9. a4 Qe7 10. a5 Nxc4 11. Bxc4 Nxe4 12. Nf3 f5 13. Nc3 Nxc3 14. bxc3 f4 15.
Bd2 e4 16. Ng1 O-O 17. Ne2 f3 18. Ng3 Bg4 19. Qc2 fxg2 20. Rg1 Bf3 21. Be3 a6
22. Kd2 Qh4 23. Rae1 Rae8 24. Qb1 Bh6 25. Bxh6 Qxh6+ 26. Re3 Qxh2 27. Ree1 Qh6+
28. Re3 Qf4 29. Kc2 h5 30. Qxb7 h4 31. Nf1 h3 32. Qd7 Bg4 33. Qc7 Qxf2+ 34. Kb3
Rb8+ 35. Ka3 Qb2+ 36. Ka4 0-1

[Event "XV Weekend B"]
[Site "Porto Sant'Elpidio ITA"]
[Date "2012.11.24"]
[Round "4"]
[White "Silvestri, Giorgio"]
[Black "Marinucci, Johnny"]
[WhiteElo "1761"]
[BlackElo "1754"]
[Result "1/2-1/2"]
[PlyCount "120"]
[EventDate "2012.11.17"]

1. d4 Nf6 2. c4 g6 3. Nf3 Bg7 4. Nc3 d5 5. e3 O-O 6. Be2 b6 7. O-O Bb7 8. b4 c5
9. bxc5 bxc5 10. cxd5 Nxd5 11. Nxd5 Bxd5 12. Bb2 Nc6 13. Qc1 Rb8 14. Rd1 Qb6
15. Bc3 c4 16. Nd2 Na5 17. Qa3 Nb7 18. e4 Bc6 19. d5 Bxc3 20. Qxc3 Bd7 21. Rdb1
Qc7 22. e5 Bf5 23. Rb4 Qd7 24. Bf3 Rfc8 25. h3 h5 26. Ne4 Bxe4 27. Bxe4 Qc7 28.
Rab1 Nc5 29. Rxb8 Rxb8 30. Rxb8+ Qxb8 31. Bc2 Qb5 32. e6 Nd3 33. exf7+ Kxf7 34.
Qd4 Qc5 35. Qxc5 Nxc5 36. Kf1 g5 37. h4 gxh4 38. Ke2 Kf6 39. f4 a5 40. Ke3 e5
41. dxe6 Nxe6 42. Ke4 Nc5+ 43. Kd4 Ne6+ 44. Ke3 Nc5 45. Kd2 Ke6 46. Kc3 Kd5 47.
Bg6 Na4+ 48. Kc2 Kd4 49. Bxh5 Nc3 50. f5 Nd5 51. Bg6 Ke5 52. Kd2 Kf4 53. Bf7
c3+ 54. Kd3 c2 55. Kxc2 Ne3+ 56. Kd2 Nxf5 57. Ke2 Kg3 58. Bd5 Kf4 59. Kf2 Ng3
60. Kg1 Nf5 1/2-1/2

[Event "XV Weekend B"]
[Site "Porto Sant'Elpidio ITA"]
[Date "2012.11.24"]
[Round "4"]
[White "Splendiani, Sandro"]
[Black "Marvulli, Dario"]
[WhiteElo "1467"]
[BlackElo "1771"]
[Result "0-1"]
[PlyCount "72"]
[EventDate "2012.11.17"]

1. d4 c5 2. d5 e5 3. dxe6 fxe6 4. Nf3 Nf6 5. e3 Be7 6. c4 Nc6 7. Nc3 d5 8. Be2
O-O 9. O-O Kh8 10. Qb3 Bd6 11. Rd1 d4 12. exd4 cxd4 13. Nb5 Bc5 14. Bf4 e5 15.
Nxe5 Nxe5 16. Bxe5 Qe7 17. Bxf6 Qxf6 18. Qf3 Qe7 19. Qd3 Bf5 20. Qd2 Bb4 21.
Qxd4 Qxe2 22. a3 Ba5 23. Nc3 Qxb2 24. Nd5 Qxd4 25. Rxd4 Rad8 26. g4 Be6 27. Rb1
Bb6 28. Rd2 Bxg4 29. Rdb2 Bf5 30. Re1 Bd4 31. Rbe2 Bd7 32. Ne3 Bc6 33. Nc2 Bc3
34. Rb1 Rf6 35. Nb4 Rg6+ 36. Kf1 Bg2+ 0-1